| 000 | 00497nam a22001697a 4500 | ||
|---|---|---|---|
| 005 | 20251108170002.0 | ||
| 008 | 250721s1991 xx 000 0 ara d | ||
| 082 | 1 | 4 | _aط/ق/لند |
| 100 | 1 | _aلند جرين، استريد | |
| 245 | 1 | 0 | _aجنان ذات الجورب الطويل / |
| 264 | 1 |
_aالسويد : _bدار المني، _c1991. |
|
| 300 | _a22ص : مص | ||
| 650 | 1 | 7 | _aالقص العربية |
| 700 | 1 |
_aزريقات، مني _eترجمة |
|
| 942 |
_2ddc _cBK |
||
| 999 |
_c36649 _d36649 |
||